[Event "78th ARM-ch Highest League 2018"]
[Site "Yerevan"]
[Date "2018.01.17"]
[Round "6"]
[White "Gabuzyan, Hovhannes"]
[Black "Ter-Sahakyan, Samvel"]
[Result "0-1"]
[WhiteElo "2571"]
[BlackElo "2563"]
[Annotator "TA"]
[PlyCount "160"]
[EventDate "2018.??.??"]
[EventType "tourn"]
[EventCountry "ARM"]
[SourceTitle "playchess.com"]
[Source "ChessBase"]
[SourceQuality "1"]

{[%evp 13,160,0,1,2,2,0,0,0,0,0,0,0,-8,-7,-6,-2,0,-25,-19,-36,-51,-57,-21,-44,-18,-70,-61,-58,-45,-90,-78,-86,-88,-86,-88,-87,-81,-87,-87,-83,-83,-107,-86,-115,-83,-80,-78,-80,-81,-81,-81,-81,-80,-80,-83,-77,-67,-66,-73,-73,-72,-75,-76,-102,-77,-106,-91,-99,-57,-70,-70,-70,-70,-70,-70,-70,-70,-74,-74,-70,-66,-98,-68,-84,-79,-91,-77,-77,-74,-90,0,-80,-74,-83,-82,-86,-81,-119,-122,-122,-120,-120,-106,-130,-106,-106,-91,-105,-97,-257,-174,-160,-174,-174,-160,-160,-87,-458,-87,-87,-87,-87,-87,-933,-1209,-1144,-1105,-895,-784,-298,-284,-29973,-239,-29967,-1643,-29976,-29978,-29979,-29980,-29977,-29979,-29985,-29986,-29986,-29987,-29987,-29988,-29988,-29989]} 1. Nf3 d5 2. g3 g6 3. Bg2 Bg7 4. d4 Nf6 5. c4 dxc4 6. Qa4+ Nfd7 7. Qxc4 Nb6 {LiveBook: 19 Games. D73: Fianchetto Grünfeld: 5 Nf3} (7... Nc6 8. e3 e5 9. Qe2 O-O 10. d5 Nc5 11. dxc6 Nd3+ 12. Kf1 Nxc1 13. Qd2 Nd3 14. Ne1 bxc6 15. Qxd3 Qxd3+ 16. Nxd3 Rd8 17. Be4 Ba6 18. Nc3 Bxd3+ 19. Bxd3 Rxd3 20. Ke2 {½-½ (20) Rotstein,A (2495)-Stany,G (2489) Forni di Sopra 2017}) 8. Qb5+ Nc6 $146 ({Predecessor:} 8... Bd7 9. Qd3 Nc6 10. Nc3 Bf5 11. e4 Bg4 12. d5 Bxf3 13. Qxf3 Ne5 14. Qe2 c6 15. f4 {½-½ (56) Kowalczyk,R (2204)-Pultorak,J (2306) Frydek Mistek 2016}) 9. Ne5 O-O {The position is equal.} 10. Nxc6 bxc6 11. Qxc6 Rb8 {White must now prevent ...Bb7.} 12. O-O Bb7 13. Qc2 Bxg2 ({Wrong is} 13... Bxd4 $2 14. Bxb7 Rxb7 15. Rd1 $18) 14. Kxg2 Qxd4 15. Na3 Rfd8 $36 {[%mdl 2048] Black is pushing.} 16. Kg1 Nd5 17. Rd1 Qb6 18. Nc4 Qc5 19. Rd2 (19. Rb1 $11) 19... Bd4 $1 $15 {[%cal Rd4f2]} 20. e3 Bf6 21. Rb1 Nb4 22. Qe4 Nxa2 23. Rxd8+ Rxd8 24. Bd2 Nb4 25. Bxb4 Qxb4 26. Qc6 Kg7 27. Ra1 Rd3 28. Qe4 Qb3 ({Don't play} 28... Bxb2 $6 29. Rb1 $11) 29. Kg2 Rd1 30. Na5 Qd5 31. Qxd5 Rxd5 $17 {[%mdl 4096] Endgame KRB-KRN} 32. Nc4 {[#]} a5 $1 {[%mdl 512]} 33. Kf3 (33. Rxa5 Rxa5) 33... Rb5 34. Ra2 Rb4 35. b3 Rxb3 36. Rxa5 Rb7 37. Rc5 Bc3 38. h4 h5 39. g4 hxg4+ 40. Kxg4 Kf6 41. h5 gxh5+ 42. Rxh5 Ke6 43. Kf3 Bb4 44. Re5+ Kd7 45. Rf5 f6 46. Ke4 Kc6 47. Kd3 Ra7 48. f4 Ra8 49. Rh5 Bc5 50. Kc3 Kb5 51. Nd2 Kc6 52. Nc4 Ra1 53. Rh2 Re1 54. Kd3 Bb4 55. Rb2 Kc5 56. Rc2 Kb5 57. Ke4 Ka4 58. Kd3 Rd1+ 59. Ke2 Rb1 60. Nd2 Rh1 61. Ne4 $2 (61. Ra2+ $17 {was necessary.} Kb5 62. Nf3) 61... Rh2+ $19 62. Kd3 Rxc2 63. Kxc2 $17 {KB-KN} Kb5 64. Ng3 c5 (64... Kc4 $142 65. Nf5 e5 66. fxe5 fxe5) 65. e4 $2 {[%mdl 8192]} (65. Nf5 $17 {was the crucial defense.}) 65... c4 $2 (65... Kc4 $19 {and Black stays clearly on top. aiming for ...Kd4.} 66. e5 fxe5 67. fxe5 e6) 66. Nf5 Kc6 67. Ne3 Kc5 {Threatens to win with ...Kd4.} 68. Nd5 $2 {[%mdl 8192] [#]} (68. Nf5 $17) 68... f5 $1 $19 {[%cal Bf6f5,Bf5e4][%mdl 544]} 69. Nxe7 (69. exf5 Kxd5) 69... fxe4 70. Nf5 Be1 71. Kd1 Bf2 72. Ng7 $2 (72. Kd2 $19) 72... Kd5 $2 (72... c3 {mates} 73. Nh5 Kc4 74. Nf6 Kd3 75. Nd5 c2+ 76. Kc1 Bc5 77. Kb2 Kd2 78. Kb3 c1=Q 79. Ka4 Qc4+ 80. Ka5 Kc2 81. Ne3+ Bxe3 82. f5 Kb3 83. f6 Qa4#) 73. Nh5 $2 (73. Nf5 $19) 73... Bh4 (73... e3 $142 74. f5 Ke4 75. f6 Kf3 76. Nf4 Kxf4 77. f7 e2+ 78. Kxe2 Bc5 79. Kd2 Ke5 80. Kc3 Kd5 81. Kc2 Kd4 82. Kd2 c3+ 83. Ke2 Bf8 84. Ke1 Kd3 85. Kf2 c2 86. Kf3 c1=Q 87. Kg3 Qg5+ 88. Kf3 Bd6 89. Kf2 Qg3+ 90. Kf1 Bc5 91. f8=Q Qg1#) 74. f5 Ke5 {Black mates.} 75. f6 Bxf6 76. Ng3 Kd4 77. Ke2 Bg5 78. Nf5+ Ke5 79. Ng3 Bf4 80. Nh5 c3 {Precision: White = 42%, Black = 69%.} 0-1

[Event "78th ARM-ch Highest League 2018"]
[Site "Yerevan"]
[Date "2018.01.17"]
[Round "6"]
[White "Harutyunian, Tigran K."]
[Black "Petrosyan, Manuel"]
[Result "1/2-1/2"]
[WhiteElo "2487"]
[BlackElo "2570"]
[Annotator "TA"]
[PlyCount "45"]
[EventDate "2018.??.??"]
[EventType "tourn"]
[EventCountry "ARM"]
[SourceTitle "playchess.com"]
[Source "ChessBase"]
[SourceQuality "1"]

{[%evp 19,45,17,23,24,27,39,35,25,29,3,9,7,35,18,18,23,21,19,20,16,16,16,16,20,29,27,19,13]} 1. c4 e5 2. Nc3 Nc6 3. Nf3 g6 4. e3 Bg7 5. d4 d6 6. Be2 f5 7. O-O e4 8. Nd2 Nf6 {[%cal Bg8f6,Bf6d7,Bd7e5][%mdl 32]} 9. b4 O-O 10. Rb1 Ne7 {LiveBook: 4 Partien. A21: Englische Eröffnung} 11. d5 $146 ({Vorgänger:} 11. b5 b6 12. a4 a5 13. bxa6 Bxa6 14. Ba3 Nd7 15. Qc2 Kh8 16. Nb3 Re8 17. Rfd1 Nf6 18. Bf1 {1-0 (79) Ergeshov,T (2343)-Krivonos,N (2162) Irkutsk 2017}) 11... Nd7 12. Bb2 Ne5 {Weiß steht etwas besser.} 13. f4 exf3 $1 14. Nxf3 Bd7 15. Qd2 Kh8 16. Nxe5 Bxe5 17. Nd1 Bxb2 18. Qxb2+ Kg8 19. Nf2 g5 20. e4 Ng6 21. exf5 Bxf5 22. Ng4 Bxg4 $1 23. Bxg4 {Precision: Weiß = 71%, Schwarz = 71%.} 1/2-1/2

[Event "78th ARM-ch Highest League 2018"]
[Site "Yerevan"]
[Date "2018.01.18"]
[Round "7"]
[White "Petrosian, Tigran L."]
[Black "Gabuzyan, Hovhannes"]
[Result "1/2-1/2"]
[WhiteElo "2606"]
[BlackElo "2571"]
[Annotator "TA"]
[PlyCount "108"]
[EventDate "2018.??.??"]
[EventType "tourn"]
[EventCountry "ARM"]
[SourceTitle "playchess.com"]
[Source "ChessBase"]
[SourceQuality "1"]

{[%evp 21,108,-2,21,3,8,0,29,24,39,27,4,15,16,23,23,19,13,18,22,-13,31,31,26,27,37,49,42,22,25,16,36,36,32,22,37,24,34,23,20,20,20,20,20,19,19,27,28,21,22,24,29,22,33,24,34,33,32,25,26,0,0,0,0,0,0,0,0,0,0,0,0,0,0,0,0,0,0,0,0,0,0,0,0,0,0,0,0,0,0]} 1. d4 Nf6 2. Nf3 d5 3. c4 c6 4. e3 Bg4 5. h3 Bxf3 6. Qxf3 e6 7. Nc3 Nbd7 8. Bd3 Bb4 9. Bd2 {D11: Slav Defence: 3 Nf3 sidelines and 3...Nf6 4 e3 Bg4} O-O 10. O-O Re8 11. Qd1 Ba5 {LiveBook: 6 Games} (11... dxc4 12. Bxc4 Qe7 13. a3 Bd6 14. Qc2 Rad8 15. Rfd1 h5 16. b4 h4 {0-1 (35) So,W (2815)-Carlsen,M (2832) chess.com INT 2017}) 12. Rc1 a6 $146 ({Predecessor:} 12... e5 13. cxd5 exd4 14. exd4 Bxc3 15. bxc3 cxd5 16. c4 Ne4 {½-½ (26) Vucicevic,M (2313)-Zajic,M (2212) Vrnjacka Banja 2012}) 13. Qc2 Rc8 14. Rfd1 g6 15. a3 Bc7 16. b4 {[%cal Bb2b4,Bb4b5][%mdl 32]} e5 17. cxd5 cxd5 18. Qb3 e4 19. Bf1 Nb6 20. b5 Nc4 21. Be1 Qd6 {[%csl Gc7][%cal Rd6h2] [#]} 22. g3 {Threatens to win with Nxd5!} Nxa3 23. bxa6 bxa6 24. Qb7 (24. Na4 {with more complications.} Rb8 25. Qa2 Bb6 26. Nxb6 Rxb6 27. Ba5) 24... Rb8 25. Qxa6 Qxa6 26. Bxa6 Bd6 27. Na4 Bb4 28. Rc6 Kg7 29. Nc5 Bxe1 30. Rxe1 Nc2 31. Rc1 Nb4 32. Rc7 Nxa6 33. Nxa6 Rb6 34. Ra7 Ree6 $1 35. Nc5 Rec6 36. Rca1 h5 37. Re7 {Raa7 is the strong threat.} Ng8 38. Re5 Rd6 $1 39. Ra7 Nh6 $1 40. Kg2 Nf5 $1 {The position is equal.} 41. Ra2 Rb1 42. Re8 Rdb6 43. Re5 R6b2 44. Rxb2 $1 Rxb2 $11 {[%mdl 4096] Endgame KRN-KRN} 45. Kf1 Rb1+ 46. Ke2 Rb2+ 47. Ke1 Rb1+ 48. Kd2 Rb2+ 49. Ke1 Rb1+ 50. Ke2 Rb2+ 51. Kf1 Rb1+ 52. Kg2 Rb2 {[#] Hoping for ...Nxe3+.} 53. Kg1 Rb1+ 54. Kh2 Rb2 {Precision: White = 61%, Black = 67%.} 1/2-1/2

[Event "78th ARM-ch Highest League 2018"]
[Site "Yerevan"]
[Date "2018.01.18"]
[Round "7"]
[White "Hovhannisyan, Robert"]
[Black "Pashikian, Arman"]
[Result "1/2-1/2"]
[WhiteElo "2591"]
[BlackElo "2578"]
[Annotator "TA"]
[PlyCount "90"]
[EventDate "2018.??.??"]
[EventType "tourn"]
[EventCountry "ARM"]
[SourceTitle "playchess.com"]
[Source "ChessBase"]
[SourceQuality "1"]

{[%evp 19,90,8,23,0,12,9,13,4,20,0,0,0,20,34,27,16,25,27,22,20,29,41,41,0,0,0,0,-16,0,0,0,0,0,-21,-11,-37,-12,-19,-19,-30,-8,-22,-22,-13,0,-5,0,-9,0,0,0,0,0,0,0,0,0,0,0,0,0,0,0,0,0,0,0,0,0,0,0,0,0]} 1. e4 e5 2. Nf3 Nc6 3. Bb5 Nf6 4. O-O Nxe4 5. Re1 Nd6 6. Nxe5 Be7 7. Bf1 Nf5 {C67: Ruy Lopez: Berlin Defence: 4 0-0 Nxe4} (7... Nxe5 8. Rxe5 O-O 9. Nc3 Ne8 10. Nd5 Bd6 11. Re1 c6 12. Ne3 Bc7 13. Nf5 d5 14. Ne7+ Kh8 15. Nxc8 Rxc8 16. d3 f5 {½-½ (16) Anand,V (2782)-Karjakin,S (2760) Riadh 2017}) 8. Nf3 d5 9. d4 O-O 10. Nc3 Bb4 {LiveBook: 6 Games} 11. Bg5 $146 ({Find the theoretical novelty and annotate with similar games:} 11. a3 Bxc3 12. bxc3 Nd6 13. Ne5 Ne7 14. a4 f6 15. Nd3 {½-½ (29) Hovhannisyan,R (2595)-Bosiocic,M (2597) Tsaghkadzor 2017}) 11... f6 12. Bf4 Nce7 13. Bd2 c6 14. Nb1 Bd6 15. c4 Kh8 (15... g5 $5 {[%cal Rg5g4]}) 16. Nc3 Bc7 17. Rc1 dxc4 18. Bxc4 Nd6 19. Bb3 Bg4 20. h3 Bh5 21. Bf4 (21. Na4 {NOTEXT} b6 22. Nc3 b5 23. Bf4 a5 24. g4) 21... Nb5 22. Bxc7 Nxc7 23. Ne4 b6 24. Ng3 Bf7 25. Bxf7 Rxf7 26. Rc2 Qd7 27. Rce2 Rd8 28. Re4 Ned5 29. Qc2 Re8 30. Rh4 {[%csl Gh4][%cal Rc2h7] [#] The position is equal.} Rxe1+ 31. Nxe1 {[%csl Gh4][%cal Rc2h7]} h6 32. Nf3 Ne7 33. Re4 Nb5 34. Nh4 Kg8 $1 35. Nhf5 Nxf5 36. Nxf5 Nd6 37. Nxd6 Qxd6 $11 {[%mdl 4096] Endgame KQR-KQR} 38. Qc4 {[#] Re8+ is the strong threat.} Qd5 $1 {[%cal Rd5c4]} 39. Re8+ Rf8 40. Qxd5+ cxd5 {KR-KR} 41. Re7 Rf7 42. Re8+ Rf8 43. Rxf8+ Kxf8 44. Kh2 Kf7 45. g4 g5 {Precision: White = 52%, Black = 57%.} 1/2-1/2

[Event "78th ARM-ch Highest League 2018"]
[Site "Yerevan"]
[Date "2018.01.18"]
[Round "7"]
[White "Petrosyan, Manuel"]
[Black "Grigoryan, Karen H."]
[Result "1/2-1/2"]
[WhiteElo "2570"]
[BlackElo "2581"]
[Annotator "TA"]
[PlyCount "91"]
[EventDate "2018.??.??"]
[EventType "tourn"]
[EventCountry "ARM"]
[SourceTitle "playchess.com"]
[Source "ChessBase"]
[SourceQuality "1"]

{[%evp 13,91,6,10,0,3,-20,-8,-9,-14,-12,0,0,0,0,5,7,22,-13,-8,-18,-15,-14,-20,-29,-7,-6,-10,-6,-18,-14,0,0,-12,-46,-42,-47,-43,-47,-45,-52,-51,-67,0,-92,-92,-92,-92,-92,-92,-106,-105,-99,-50,-110,-110,-114,-114,-185,-181,-190,-138,-169,-177,-172,-166,-164,-71,-71,-71,-71,-71,-71,-71,-71,-71,-78,-78,-82,-31,-31]} 1. Nf3 c5 2. c4 Nc6 3. Nc3 Nf6 4. d4 cxd4 5. Nxd4 e6 6. Bf4 d5 7. e3 {A33: Symmetrical English: 2 Nf3 Nf6 3 d4 cxd4 4 Nxd4 e6 5 Nc3 Nc6} Bb4 {LiveBook: 38 Games} 8. Rc1 (8. Be2 Bd7 9. Ndb5 e5 10. Bg5 a6 11. a3 axb5 12. axb4 Rxa1 13. Qxa1 dxc4 14. O-O O-O 15. Rd1 Qe7 16. Nd5 Qe6 17. Nc7 Qe7 18. Nd5 Qe6 19. Nc7 Qe7 {½-½ (19) Nepomniachtchi,I (2729)-Vachier Lagrave,M (2789) London 2017}) 8... O-O 9. cxd5 $146 {The position is equal.} ({Predecessor:} 9. a3 Bxc3+ 10. Rxc3 Ne4 11. Rd3 Qf6 12. Nxc6 bxc6 13. Qc2 {0-1 (22) Bohanesova,V-Jasso,S (1684) Ostrava 2011}) 9... Nxd5 10. Nxc6 bxc6 11. Bd3 Qf6 12. Qh5 {[%csl Gd3][%cal Rh5h7] [#]} g6 13. Qe5 Qxe5 14. Bxe5 f6 15. Bg3 e5 16. Ke2 Bxc3 17. bxc3 Be6 18. f3 Nb6 19. c4 Na4 20. c5 Rab8 21. Rc2 Rb2 22. Rxb2 Nxb2 23. Ba6 Rb8 24. Rc1 Bxa2 25. Be1 Na4 26. Bd2 Rb2 27. Bc8 {Threatening Bd7.} Bb3 (27... Kf7 $15) 28. Kd3 (28. e4 $11) 28... Kf7 $17 29. Bd7 Bd5 {And now ...Rb5 would win.} 30. e4 Ke7 31. exd5 Kxd7 {[%mdl 4096] Endgame KRB-KRN} 32. d6 f5 (32... Rb5 {feels hotter.} 33. Be3 a5 34. Kd2 Ke6 35. Bf2 f5) 33. g3 (33. Rc4 $15 Ra2 34. Rc1) 33... Rb5 34. Be3 a5 {[%cal Ba7a5,Ba5a4][%mdl 32]} 35. Ke2 (35. Kd2 $17 {was necessary.}) 35... Nb2 $19 36. Rc3 Rb4 (36... h5 $19 37. Kd2 Rb4) 37. Bc1 a4 38. Bxb2 Rxb2+ {KR-KR} 39. Kd3 Rb7 (39... g5 $19 {and Black stays clearly on top.} 40. Kc4 Rd2) 40. Ra3 Ra7 41. f4 Ke6 {Hoping for ...exf4.} 42. Kc4 e4 43. Kd4 h6 44. h4 Kf6 45. Kc4 h5 (45... Kf7 $17 46. Kb4 Ra8) 46. Kd4 {Precision: White = 60%, Black = 62%.} 1/2-1/2

[Event "78th ARM-ch Highest League 2018"]
[Site "Yerevan"]
[Date "2018.01.18"]
[Round "7"]
[White "Martirosyan, Haik M."]
[Black "Harutyunian, Tigran K."]
[Result "1-0"]
[WhiteElo "2567"]
[BlackElo "2487"]
[Annotator "TA"]
[PlyCount "85"]
[EventDate "2018.??.??"]
[EventType "tourn"]
[EventCountry "ARM"]
[SourceTitle "playchess.com"]
[Source "ChessBase"]
[SourceQuality "1"]

{[%evp 15,85,0,0,-5,16,17,23,21,22,24,38,28,50,42,61,62,90,77,102,83,106,95,139,97,118,100,105,106,109,106,103,74,138,135,131,124,129,133,195,196,256,243,321,318,372,379,403,366,363,392,427,376,583,569,579,570,567,473,576,603,641,641,641,641,641,641,906,891,810,709,975,697]} 1. d4 d5 2. c4 e6 3. Nf3 Nf6 4. Nc3 Bb4 5. Bg5 dxc4 6. a3 Bxc3+ 7. bxc3 h6 8. Bxf6 Qxf6 9. Qa4+ {D39: Queen's Gambit Declined: Ragozin Defence with 5 Bg5 dxc4} (9. e3 b5 10. a4 c6 11. Ne5 a6 12. g4 Bb7 13. Bg2 Qe7 14. O-O O-O 15. f4 Nd7 16. Nxc6 Qd6 17. Ne7+ Qxe7 18. Bxb7 Ra7 {½-½ (36) Carlsen,M (2801)-Anand,V (2788) Moscow 2009}) 9... c6 $146 ({Predecessor:} 9... Bd7 10. Qxc4 Bc6 11. e3 O-O 12. Be2 Nd7 13. O-O Rac8 14. Qb3 b6 15. Rfd1 Bxf3 16. Bxf3 c5 {½-½ (48) Kuzubov,Y (2634)-Bokros,A (2487) Austria 2009}) 10. Qxc4 O-O 11. g3 {White has an edge.} Nd7 12. Bg2 e5 13. O-O Re8 14. e3 Qg6 15. a4 a5 16. Rfb1 e4 17. Nd2 $1 {[%cal Bf3d2,Bd2c4,Bc4d6][%mdl 32]} Nf6 18. Qc5 Nd5 19. Qa3 b6 {[#]} 20. Nc4 $1 Rb8 21. Qd6 Ba6 22. Qxg6 fxg6 23. Nd6 Re7 (23... Bd3 $142) 24. c4 $16 (24. Nxe4 Bd3 $11) (24. Bxe4 Nxc3 25. Bxg6 (25. Bxc6 Re6 $17) 25... Nxb1 $15) 24... Nb4 25. Rc1 c5 26. d5 (26. Bxe4 Re6 $17) 26... Nd3 (26... g5 $16 {might work better.} 27. Nxe4 g4) 27. Rc3 $18 Ne5 {[#]} (27... Rd8 $142) 28. Rb1 $1 ({But not} 28. Nxe4 $6 Nxc4 29. d6 Re5 $16) 28... Nd7 29. Bxe4 Rf8 30. Bg2 g5 31. Bh3 Rf6 32. Bxd7 Rxd6 33. Bc6 Bb7 (33... Re4 $142 34. Rxb6 Rxc4 35. Rxc4 (35. Rxa6 Rxc3 36. e4 Rc1+ 37. Kg2 Re1 $14) 35... Bxc4 36. Rb8+ Kf7) 34. Bxb7 {White is clearly winning.} Rxb7 {[%mdl 4096] Endgame KRR-KRR} 35. e4 {[%cal Be3e4,Be4e5][%mdl 32]} Re7 36. Re1 Re5 37. f4 gxf4 38. gxf4 Re8 39. e5 Rf6 40. Re4 ({Not} 40. exf6 Rxe1+ 41. Kf2 Re4 $16) 40... g5 41. fxg5 hxg5 42. Rg3 Rf5 43. h4 {Precision: White = 95%, Black = 23%.} 1-0

[Event "78th ARM-ch Highest League 2018"]
[Site "Yerevan"]
[Date "2018.01.18"]
[Round "7"]
[White "Ter-Sahakyan, Samvel"]
[Black "Andriasian, Zaven"]
[Result "0-1"]
[WhiteElo "2563"]
[BlackElo "2585"]
[Annotator "TA"]
[PlyCount "64"]
[EventDate "2018.??.??"]
[EventType "tourn"]
[EventCountry "ARM"]
[SourceTitle "playchess.com"]
[Source "ChessBase"]
[SourceQuality "1"]

{[%evp 14,64,33,19,23,15,22,14,31,18,16,21,19,17,37,18,15,-19,-16,-61,-38,-78,-37,-77,-85,-91,-106,-89,-53,-55,-7,-13,-18,-45,0,-150,-126,-141,-137,-190,-184,-153,-147,-578,-591,-579,-552,-619,-500,-483,-483,-490,-472]} 1. e4 c5 2. Nf3 d6 3. d4 cxd4 4. Nxd4 Nf6 5. Nc3 a6 6. Be2 g6 7. g4 {B92: Sicilian Najdorf: 6 Be2} (7. Be3 Bg7 8. Qd2 Nbd7 9. g4 d5 10. exd5 Nb6 11. O-O-O Bxg4 12. f3 Bd7 13. Nb3 Nc8 14. Ne4 Nd6 15. Nbc5 O-O 16. Nxf6+ Bxf6 {½-½ (58) Eljanov,P (2755)-Jobava,B (2713) Malmo 2017}) 7... h6 8. h4 {LiveBook: 5 Games} Nc6 9. Be3 {White has an edge.} e5 $146 ({Predecessor:} 9... Bg7 10. f3 d5 11. Nxc6 bxc6 12. e5 Nd7 13. f4 Rb8 14. Na4 Rb4 {0-1 (28) Hybl,V (2327)-Ilyes,P ICCF email 2000}) 10. Nb3 Be6 11. Bf3 Rc8 12. Rg1 Be7 13. Qd2 Na5 14. Nxa5 ({Much worse is} 14. Bxh6 Nc4 $17) 14... Qxa5 15. g5 hxg5 16. Bxg5 b5 17. a3 Rc4 {Strongly threatening ...b4.} 18. Rd1 Rd4 $36 {[%mdl 2048] Black is on the roll.} 19. Qe3 b4 20. axb4 Rxb4 21. b3 Nd7 22. Bxe7 Kxe7 23. Qd2 Qb6 24. Bg4 (24. Qg5+ $11 Ke8 25. Be2) 24... Rd4 25. Qg5+ Nf6 {[#] White must now prevent ...Qb4.} 26. Rg3 (26. Bxe6 $17 {was worth a try.} Kxe6 27. Rxd4 Qxd4 28. Qe3) 26... Bxg4 $19 27. Rxd4 Qxd4 28. Kf1 $2 {[%mdl 8192]} (28. Rd3 $17 {was the crucial defense.} Rh5 29. Rxd4 Rxg5 30. hxg5 exd4 31. gxf6+ Kxf6 32. Nd5+ Ke5 33. Nb4) 28... Ke6 {Black is clearly winning.} 29. Rd3 Rh5 30. Qd2 Nxe4 31. Rxd4 Nxd2+ 32. Rxd2 Rxh4 {Precision: White = 31%, Black = 69%.} 0-1

[Event "78th ARM-ch Highest League 2018"]
[Site "Yerevan"]
[Date "2018.01.19"]
[Round "8"]
[White "Andriasian, Zaven"]
[Black "Petrosian, Tigran L."]
[Result "1-0"]
[WhiteElo "2585"]
[BlackElo "2606"]
[Annotator "TA"]
[PlyCount "111"]
[EventDate "2018.??.??"]
[EventType "tourn"]
[EventCountry "ARM"]
[SourceTitle "playchess.com"]
[Source "ChessBase"]
[SourceQuality "1"]

{[%evp 16,111,71,72,66,65,62,41,60,68,100,73,81,75,89,81,118,92,104,97,102,104,145,87,83,35,75,0,18,0,0,0,13,7,20,-16,-22,-18,-17,-52,-37,-94,-103,-100,28,22,22,33,22,36,183,182,197,204,182,193,189,206,187,197,177,110,274,236,252,227,260,239,320,322,307,312,294,271,340,339,337,325,335,331,387,296,462,440,682,650,12833,9607,2694,1674,2064,1904,29987,29988,29988,29988,29994,29995]} 1. e4 {[%cal Be2e4,Be4e5][%mdl 32]} g6 2. d4 Bg7 3. Nc3 c6 4. f4 d5 5. e5 Nh6 6. Nf3 Bg4 7. h3 Bxf3 8. Qxf3 f6 9. Be3 fxe5 {B15: Caro-Kann: 3 Nc3: 3...g6 and 3...dxe4 4 Nxe4 Nf6 5 Nxf6+ exf6} 10. dxe5 Rf8 $146 ({Predecessor:} 10... O-O 11. Qe2 g5 12. fxg5 Nf5 13. Bf2 e6 14. h4 Nd7 15. O-O-O Nxe5 16. g4 Nd6 17. Bd4 {½-½ (42) Vishnu,P (2449)-Iordachescu,V (2634) Al Ain 2014}) 11. Qe2 Qa5 {White is slightly better.} 12. O-O-O Nd7 13. Kb1 e6 14. Qe1 Nf5 {[%cal Bh6f5,Bf5h4,Bh4g6,Bg6e5][%mdl 32]} 15. Bd2 {And now g4 would win.} Qd8 16. Ne2 Qe7 17. g4 Nh4 18. Nd4 g5 19. fxg5 ({White should play} 19. c4) 19... Ng6 $16 20. h4 O-O-O {[%cal Be8c8,Bc8b8,Bb8a8][%mdl 32]} 21. Rh3 (21. Ba5 $16) 21... Ngxe5 $11 22. Be2 c5 23. Nb3 Kb8 24. Be3 Rc8 25. Qg1 Ka8 26. c3 c4 27. Nc1 Nc5 28. Bd4 (28. Rf1 $15) 28... Ne4 $17 29. Re3 Rf4 (29... Ng6 $1 $17 30. Rxe4 dxe4) 30. Bxe5 $1 $11 Bxe5 31. Bf3 Qc5 {White must now prevent ...Rxf3!} 32. Bxe4 dxe4 (32... Rxe4 $14 33. Rxe4 Qxg1 34. Rxg1 dxe4) 33. Ne2 $18 Rxg4 34. Qxg4 Qxe3 35. Qxe6 Rb8 36. Qxc4 ({Worse is} 36. Qxe5 Qxe2 37. Kc1 Qe3+ 38. Kb1 Qe2 $11) 36... Qf3 {[#]} 37. Rd5 $1 {[%cal Rd5e5]} Bh2 {[#]} 38. a4 (38. Rd4 $1 $18) 38... e3 $2 (38... Qg4 $16 {might work better.}) 39. Qd3 Qf1+ 40. Ka2 Qf7 41. c4 Qf3 42. Nd4 Qf2 43. h5 {[%cal Bh4h5,Bh5h6][%mdl 32]} a6 44. Ne2 ({Less strong is} 44. Qxh7 e2 $16) 44... Qf3 45. h6 Qg4 46. b4 Rc8 47. Kb3 Bb8 48. b5 axb5 (48... Rc7 $142 49. g6 hxg6) 49. axb5 Ba7 (49... Bc7 $142 50. Rd7 Kb8) 50. Rd8 {g6! is the strong threat.} Bb8 {intending ...Rxd8.} 51. Rxc8 Qxc8 52. Qxh7 Qg4 53. Qc2 {Intending Qa2+ and mate.} Qxg5 54. Qa2+ {White mates.} Ba7 55. b6 {[%csl Gb6][%cal Ra2a7]} Qb5+ 56. cxb5 {Precision: White = 67%, Black = 37%.} 1-0

[Event "78th ARM-ch Highest League 2018"]
[Site "Yerevan"]
[Date "2018.01.19"]
[Round "8"]
[White "Grigoryan, Karen H."]
[Black "Martirosyan, Haik M."]
[Result "0-1"]
[WhiteElo "2581"]
[BlackElo "2567"]
[Annotator "TA"]
[PlyCount "86"]
[EventDate "2018.??.??"]
[EventType "tourn"]
[EventCountry "ARM"]
[SourceTitle "playchess.com"]
[Source "ChessBase"]
[SourceQuality "1"]

{[%evp 15,86,-10,0,0,0,-12,-8,-20,-22,-39,-39,-40,-44,-48,0,-53,-52,-52,-41,-57,-62,-44,-59,-67,-56,-59,-46,-56,-18,-18,-32,-83,-82,-88,-93,-110,-21,-33,-37,-24,-18,-17,-42,-42,-35,-107,-110,-139,-147,-377,-404,-375,-398,-384,-373,-353,-218,-206,0,-353,-362,-469,-469,-475,-456,-609,-612,-604,-599,-593,-589,-566,-563]} 1. e4 e5 2. Nf3 Nc6 3. Bb5 Nf6 4. Qe2 Bc5 5. c3 O-O 6. d3 d6 {C65: Spanische Partie (Berliner-Verteidigung)} (6... h6 7. Nbd2 d6 8. O-O Ne7 9. d4 a6 10. dxc5 axb5 11. cxd6 Qxd6 12. Qxb5 Ng6 13. Re1 b6 14. Nc4 {0-1 (28) Hou,Y (2676)-Kramnik,V (2783) Dortmund 2015}) 7. O-O a6 8. Ba4 Ba7 {LiveBook: 3 Partien. Die Stellung ist ausgeglichen.} 9. Rd1 Bd7 $146 ({Vorgänger:} 9... Ng4 10. d4 f5 11. exf5 Bxf5 12. h3 Nxf2 13. Qxf2 Bxb1 14. Rxb1 e4 {1-0 (48) Varavin,V (2433)-Pisakov,I (2338) Vladimir 2002}) 10. Bc2 Re8 11. h3 h6 12. Nh2 Ne7 13. Nd2 Ng6 14. Ndf1 Nh7 15. d4 ({Besser ist} 15. Nf3 $11) 15... exd4 $15 16. cxd4 Ng5 17. Ng3 {[#]} Nxe4 $1 {[%mdl 512]} 18. Nxe4 (18. Bxe4 d5) 18... d5 19. Qf3 dxe4 20. Bxe4 Nh4 21. Qd3 Bb5 22. Qc2 Bxd4 {Und weiter mit ...Txe4! wäre nett.} 23. a4 {[#]} (23. Be3 $15 c5 24. a4) 23... Bc6 $1 $17 {[%mdl 512]} 24. Bxc6 bxc6 25. g3 {[#]} Ng6 (25... Nf5 $1 $17 {[%cal Rf5g3][%mdl 512] ...Sxg3 ist eine echte Drohung.} 26. Ra3 (26. Qxf5 Bxf2+) 26... Qd5) 26. Be3 $11 c5 $36 {[%mdl 2048] Weiss steht unter Druck.} 27. Bxd4 cxd4 28. Nf3 Qd5 29. Nxd4 Ne5 {Und ...c5 würde nun gewinnen.} 30. Qb3 {[#]} (30. b4 $1 $15) 30... Qe4 $1 $17 31. f3 Qg6 32. Kg2 $2 (32. f4 $17 {war einen Versuch wert.} Rab8 33. Qc3) 32... c5 $19 {[%cal Bc7c5,Bc5c4][%mdl 32]} 33. Ne2 c4 34. Qc3 Nd3 35. Ng1 Nf4+ 36. Kf2 {[#]} Nd3+ (36... Qb6+ $142 $1 37. Qd4 Qxd4+ 38. Rxd4 Nd3+ 39. Kf1 Rab8) 37. Kg2 Re3 {zielt auf ...Sf4+ ab.} 38. Qxc4 Nxb2 {Schwarz steht klar auf Gewinn.} 39. Qd5 Nxd1 40. Qxa8+ Kh7 41. Qc8 Rc3 {( -> ...Dc2+)} 42. Qe8 Rc2+ 43. Ne2 Qd3 {Precision: Weiß = 40%, Schwarz = 73%.} 0-1